000 00415nam a2200157Ia 4500
003 Ost
005 20260225132540.0
008 260225s9999||||xx |||||||||||||| ||und||
040 _cfsic
041 _afre
082 _a70.4
100 _afréderic barbier/catherine bertho
_eAuteur
245 0 _aHistoire des médias :
245 0 _bde diderot à internet /
_cfréderic barbier/catherine bertho
942 _cكتاب
999 _c33432
_d33432